Súčasné platné metodiky skúšania skriňového nábytku

Podrobná bibliografia
Hlavný autor: Darvaši, Ernest (Autor)
Médium: Článok
Jazyk:slovenčina
Fyzický popis:Obr. 2
Predmet:

MARC

LEADER 00000nab a2200000 a 4500
001 vtls000481516
003 SK-MaSNL
005 20260303020452.0
008 120927c1992 xo 0 slo
015 |a SNBRA19rr/mm-uuuuu 
035 |a CL0481651 
040 |a SNKBUCL  |b slo  |c SNKBUCL  |e AACR2 
041 0 |a slo 
044 |a xo  |c SK 
080 |a 684.45:006.83:351.82  |2 1981 
080 |a 006.83  |2 1981 
080 |a 351.82  |2 1981 
100 1 |a Darvaši, Ernest  |4 aut  |9 793460 
245 1 0 |a Súčasné platné metodiky skúšania skriňového nábytku  |c Ernest Darvaši 
300 |b Obr. 2 
650 0 7 |a nábytok skriňový  |2 snkbucl  |9 948192 
650 0 7 |a skrine  |2 snkbucl  |9 50947 
650 0 7 |a skúšobníctvo štátne  |2 snkbucl  |9 899336 
650 0 7 |a normy technické  |2 snkbucl  |9 919669 
655 7 |a články zo zborníkov  |2 snkbucl  |9 166140 
773 0 |t Európske normy - základné technické požiadavky na nábytok. Človek a nábytok  |d Žilina : Dom techniky ZSVTS, 1992  |g S. 14-20 
850 |a Slovenská národná knižnica v Martine  |a MTA001 
852 |a SNK  |b KIS3GCP 
958 |a RK 
992 |a RZB 
999 |c 1618441  |d 1620371